Statistics for U.S. States by National Parks and Borders in 45 Seconds

Click here to take the quiz!

General Stats

  • This quiz has been taken 526 times
    (452 since last reset)
  • The average score is 27 of 43

Answers on the Map

Answers color-coded by a green-red scale on the quiz's map according to % correct below.
Loading ...
 

Answer Stats

Valid ParksState% Correct
Saguaro, Petrified Forest, Grand Canyon, Joshua Tree, Channel Islands, Sequoia, Pinnacles, Kings Canyon, Yosemite, Lassen Volcanic, Redwood, Death Valley, Yellowstone, Great Basin, Crater Lake, Zion, Bryce Canyon, Canyonlands, Capitol Reef, ArchesNevada
92%
Mesa Verde, Great Sand Dunes, Black Canyon of the Gunnison, Rocky Mountain, Yellowstone, Glacier, Wind Cave, Badlands, Zion, Bryce Canyon, Canyonlands, Capitol Reef, Arches, Grand TetonWyoming
91%
Saguaro, Petrified Forest, Grand Canyon, Mesa Verde, Great Sand Dunes, Black Canyon of the Gunnison, Rocky Mountain, Yellowstone, Great Basin, Carlsbad Caverns, Zion, Bryce Canyon, Canyonlands, Capitol Reef, Arches, Grand Teton, White SandsUtah
90%
Saguaro, Petrified Forest, Grand Canyon, Mesa Verde, Great Sand Dunes, Black Canyon of the Gunnison, Rocky Mountain, Carlsbad Caverns, Zion, Bryce Canyon, Canyonlands, Capitol Reef, Arches, Grand Teton, Yellowstone, White SandsColorado
90%
Joshua Tree, Channel Islands, Sequoia, Pinnacles, Kings Canyon, Yosemite, Lassen Volcanic, Redwood, Death Valley, Yellowstone, Great Basin, Crater Lake, Mount Rainier, Olympic, North CascadesOregon
90%
Yellowstone, Glacier, Great Basin, Crater Lake, Zion, Bryce Canyon, Canyonlands, Capitol Reef, Arches, Mount Rainier, Olympic, North Cascades, Grand TetonIdaho
90%
Voyageurs, Yellowstone, Glacier, Theodore Roosevelt, Wind Cave, Badlands, Grand TetonSouth Dakota
88%
Yellowstone, Glacier, Theodore Roosevelt, Wind Cave, Badlands, Grand TetonMontana
86%
Saguaro, Petrified Forest, Grand Canyon, Joshua Tree, Channel Islands, Sequoia, Pinnacles, Kings Canyon, Yosemite, Lassen Volcanic, Redwood, Death Valley, Mesa Verde, Great Sand Dunes, Black Canyon of the Gunnison, Rocky Mountain, Great Basin, Carlsbad Caverns, Zion, Bryce Canyon, Canyonlands, Capitol Reef, Arches, White SandsArizona
86%
Voyageurs, Yellowstone, Glacier, Theodore Roosevelt, Wind Cave, BadlandsNorth Dakota
86%
Saguaro, Petrified Forest, Grand Canyon, Joshua Tree, Channel Islands, Sequoia, Pinnacles, Kings Canyon, Yosemite, Lassen Volcanic, Redwood, Death Valley, Great Basin, Crater LakeCalifornia
81%
Mesa Verde, Great Sand Dunes, Black Canyon of the Gunnison, Rocky Mountain, Gateway Arch, Wind Cave, Badlands, Grand Teton, YellowstoneNebraska
80%
Biscayne, Everglades, Dry Tortugas, Great Smoky Mountains, CongareeGeorgia
77%
Biscayne, Everglades, Dry Tortugas, Great Smoky MountainsAlabama
76%
Saguaro, Petrified Forest, Grand Canyon, Mesa Verde, Great Sand Dunes, Black Canyon of the Gunnison, Rocky Mountain, Carlsbad Caverns, Big Bend, Guadalupe Mountains, Zion, Bryce Canyon, Canyonlands, Capitol Reef, Arches, White SandsNew Mexico
75%
Yellowstone, Crater Lake, Mount Rainier, Olympic, North CascadesWashington
75%
Mammoth Cave, Gateway Arch, Cuyahoga Valley, Great Smoky Mountains, Shenandoah, Indiana DunesKentucky
73%
Hot Springs, Mammoth Cave, Gateway Arch, Great Smoky Mountains, ShenandoahTennessee
71%
Hot Springs, Gateway Arch, Great Smoky Mountains, Big Bend, Guadalupe MountainsArkansas
70%
Biscayne, Everglades, Dry TortugasFlorida
69%
Mammoth Cave, Great Smoky Mountains, ShenandoahVirginia
65%
Hot Springs, Mesa Verde, Great Sand Dunes, Black Canyon of the Gunnison, Rocky Mountain, Gateway Arch, Carlsbad Caverns, Big Bend, Guadalupe Mountains, White SandsOklahoma
65%
Hot Springs, Mammoth Cave, Gateway Arch, Great Smoky MountainsMissouri
64%
Great Smoky Mountains, Congaree, ShenandoahNorth Carolina
63%
Hot Springs, Carlsbad Caverns, Big Bend, Guadalupe Mountains, White SandsTexas
61%
Hot Springs, Big Bend, Guadalupe MountainsLouisiana
59%
Mammoth Cave, Isle Royale, Cuyahoga Valley, Indiana DunesOhio
54%
Mammoth Cave, Isle Royale, Cuyahoga Valley, Indiana DunesIndiana
54%
AcadiaNew Hampshire
52%
AcadiaMaine
52%
Isle Royale, Cuyahoga Valley, Indiana DunesMichigan
51%
Hot Springs, Great Smoky MountainsMississippi
51%
Great Smoky Mountains, CongareeSouth Carolina
49%
Mammoth Cave, Cuyahoga Valley, ShenandoahWest Virginia
49%
Glacier Bay, Katmai, Kenai Fjords, Lake Clark, Wrangell-St. Elias, Denali, Kobuk Valley, Gates of the ArcticAlaska
43%
Voyageurs, Gateway Arch, Wind Cave, BadlandsIowa
42%
Mammoth Cave, Gateway Arch, Indiana DunesIllinois
41%
Mesa Verde, Great Sand Dunes, Black Canyon of the Gunnison, Rocky Mountain, Gateway ArchKansas
40%
Isle Royale, VoyageursWisconsin
40%
Voyageurs, Theodore Roosevelt, Wind Cave, BadlandsMinnesota
36%
ShenandoahMaryland
34%
Cuyahoga ValleyPennsylvania
23%
Hawai'i Volcanoes, HalekalāHawaii
23%

Score Distribution

Percentile by Number Answered

Percent of People with Each Score

Your Score History

You have not taken this quiz since the last reset